Asymetrische Information.

Tri základné typy asymetrickej informácie: nestálosť kvality, holdup, morálny hazard. Exogénne riziko a neistota v správaní sa partnera. Spájanie základných typov asymetrickej informácie s kooperačnými formami, ktoré zmierňujú ich negatívny dopad: samovýber a signalizácia, dlhodobé zmluvy a vertikál...

Ausführliche Beschreibung

Gespeichert in:
Bibliographische Detailangaben
1. Verfasser: Spremann, K.
Format: Buchkapitel
Sprache:Deutsch
Schlagworte:
Tags: Tag hinzufügen
Keine Tags, Fügen Sie das erste Tag hinzu!

MARC

LEADER 00000naa a2200000 4500
001 r001634
005 20220819193707.8
041 0 |a ger 
044 |a DE 
245 1 0 |a Asymetrische Information.  |c K. Spremann 
520 |a Tri základné typy asymetrickej informácie: nestálosť kvality, holdup, morálny hazard. Exogénne riziko a neistota v správaní sa partnera. Spájanie základných typov asymetrickej informácie s kooperačnými formami, ktoré zmierňujú ich negatívny dopad: samovýber a signalizácia, dlhodobé zmluvy a vertikálna integrácia, podiel na výsledku. 
610 2 0 |a informácie hospodárske 
610 2 0 |a veda ekonomická 
610 2 0 |a informácie vnútropodnikové 
610 2 0 |a informácie asymetrické 
610 2 0 |a podiely na výsledkoch hospodárskych 
100 1 |a Spremann, K.